00818nam a2200229 a 450000100060000000300080000600500170001400800410003103500190007204000270009104100080011808200180012610000410014424500730018526000450025830000250030350001220032850000220045050400300047265000310050265000550053316305BD-RjUL20211209000007.0140213s1950 enk b 001 0 eng d a(BD-RjUL)16360 aDLCcWSUdBD-RjULbeng aeng a792bBRT 19501 aBruford, Walter Horace,d1894-1988 .10aTheatre, drama, and audience in Goethe's Germany /cby W.H. Bruford. aLondon :bRoutledge & Kegan Paul,c1950. axi, 388 p. :c23 cm. aA continuation of the author's Germany in the eighteenth century, publ. Cambridge : Cambridge University Press, 1935. aIncludes indexes. aBibliography: p. 367-375. 0aTheaterzGermanyxHistory. 0aGerman dramay18th centuryxHistory and criticism.